SS Lazio Squad 2024-2025 - Statistics

General Stats
  • This quiz has been taken 281 times
    148 since last reset
  • The average score is 23 of 32
Answer Stats
# Position Nation Player % Correct
8 MF France Mattéo Guendouzi
96%
9 FW Spain Pedro
95%
11 FW Argentina Taty Castellanos
94%
94 GK Italy Ivan Provedel
92%
77 DF Montenegro Adam Marušić
91%
13 DF Italy Alessio Romagnoli
91%
19 FW Senegal Boulaye Dia
91%
18 FW Denmark Gustav Isaksen
91%
5 MF Uruguay Matías Vecino
90%
10 FW Italy Mattia Zaccagni
90%
34 DF Spain Mario Gila
89%
23 DF Albania Elseid Hysaj
86%
7 MF Nigeria Fisayo Dele-Bashiru
86%
35 GK Greece Christos Mandas
85%
6 MF Italy Nicolò Rovella
85%
4 DF Spain Patric
85%
- Coach Italy Marco Baroni
83%
14 FW Netherlands Tijjani Noslin
82%
2 DF France Samuel Gigot
81%
30 DF Portugal Nuno Tavares
77%
20 FW France Loum Tchaouna
74%
3 DF Italy Luca Pellegrini
73%
29 MF Italy Manuel Lazzari
71%
26 MF Croatia Toma Bašić
58%
92 MF Ivory Coast Jean-Daniel Akpa-Akpro
55%
21 MF Morocco Reda Belahyane
51%
22 MF Italy Gaetano Castrovilli
44%
27 MF Germany Arijon Ibrahimović
36%
25 DF Denmark Oliver Provstgaard
34%
55 GK Italy Alessio Furlanetto
31%
28 MF Italy André Anderson
15%
76 DF Brazil Filipe Bordon
9%
No matching quizzes found
Score Distribution
Percent of People with Each Score
Percentile by Number Answered
Your Score History
You have not taken this quiz since the last reset